Statistiques concernant Les Fables de La Fontaine avec un loup

Cliquez ici pour prendre le quiz!

Statistiques générales

  • Ce quiz a été pris 41 fois
  • Le résultat moyen est 3 sur 15

Statistiques - réponses

Fables% Correct
Le Loup et l'Agneau
95%
Le Loup et le Chien
64%
Le Loup et le Renard
41%
Le Loup et la Cigogne
10%
Le Lion, le Loup et le Renard
8%
Le Loup et les Bergers
8%
Le Loup, la Chèvre et le Chevreau
8%
Le Cheval et le Loup
5%
Le Loup devenu Berger
3%
Le Loup et le Chasseur
3%
Le Loup et le Chien maigre
3%
Le Loup, la Mère et l'Enfant
3%
Le loup plaidant contre le renard par-devant le singe
3%
Les Loups et les Brebis
3%
Le Renard, le Loup et le Cheval
0%

Distribution des résultats

Percentile par nombre de réponses

% des personnes avec chaque résultat

Votre développement - résultats

Vous n’avez pas pris ce quiz